|
|
|
|
| LEADER |
01379nam a2200397 a 4500 |
| 001 |
nkc20112164787 |
| 003 |
CZ PrNK |
| 005 |
20110921075932.0 |
| 007 |
ta |
| 008 |
110809s2011 xr a g 000 p cze |
| 015 |
|
|
|a cnb002164787
|
| 020 |
|
|
|a 978-80-254-9195-9
|q (brož.) :
|c Kč 50,00
|
| 035 |
|
|
|a (OCoLC)752793540
|
| 040 |
|
|
|a ABA001
|b cze
|d OLA001
|
| 043 |
|
|
|a e-xr---
|b e-xr-pg
|2 czenas
|
| 072 |
|
7 |
|a 821.162.3-1
|x Česká poezie
|2 Konspekt
|9 25
|
| 080 |
|
|
|a 821.162.3-1
|2 MRF
|
| 080 |
|
|
|a 681.113.91
|2 MRF
|
| 080 |
|
|
|a (437.311)
|2 MRF
|
| 080 |
|
|
|a (0:82-1)
|2 MRF
|
| 100 |
1 |
|
|a Dubský, Milan,
|d 1929-2016
|7 xx0031066
|4 aut
|
| 245 |
1 |
0 |
|a Příběh pražského orloje /
|c [ilustroval Roman Kelbich ; napsal Miloslav Dubský]
|
| 260 |
|
|
|a Praha :
|b Eurohobby,
|c 2011
|
| 300 |
|
|
|a [18] s. :
|b barev. il. ;
|c 15 cm
|
| 650 |
0 |
7 |
|a orloje
|7 ph123816
|z Česko
|2 czenas
|
| 650 |
0 |
9 |
|a astronomical clocks
|z Czechia
|2 eczenas
|
| 651 |
|
7 |
|a Staré Město (Praha, Česko)
|7 ge130940
|2 czenas
|
| 651 |
|
9 |
|a Staré Město (Prague, Czechia)
|2 eczenas
|
| 655 |
|
7 |
|a česká poezie
|7 fd133958
|2 czenas
|
| 655 |
|
9 |
|a Czech poetry
|2 eczenas
|
| 700 |
1 |
|
|a Kelbich, Roman
|7 jx20110815008
|4 aut
|4 ill
|
| 910 |
2 |
|
|a BOA001
|b S-1271.518
|
| 990 |
|
|
|a BK
|
| 995 |
|
|
|a 01
|
| 991 |
|
|
|b 201109
|e b
|
| 996 |
6 |
|
|b 2610487334
|c S-1271.518
|l MZK
|r Sklad / do 24 hodin
|n 0
|p p.v.
|w 001199896
|u 000010
|a 1
|e BOA001
|j MZK50
|s P
|